[Event "SVK-ch op 15th corr"]
[Site "Slovakia"]
[Date "2005.??.??"]
[Round "?"]
[White "Vrska, Milan"]
[Black "Chripko, Lubomir"]
[Result "0-1"]
[WhiteElo "1720"]
[BlackElo "1700"]
[PlyCount "56"]
[EventDate "2005.05.06"]
[EventType "tourn (corr)"]
[EventRounds "6"]
[EventCountry "SVK"]
[SourceTitle "Corr 2008"]
[Source "ChessBase"]
[SourceDate "2008.06.24"]
[SourceVersion "1"]
[SourceVersionDate "2008.06.24"]
[SourceQuality "1"]

1. g3 d5 2. Bg2 Nf6 3. d3 e5 4. Nf3 Bd6 5. Bg5 0-0 6. Nc3 c6 7. 0-0 h6 8. Bd2 Bg4 9. Re1 Qb6 10. Qc1 Nbd7 11. b3 e4 12. dxe4 dxe4 13. Nh4 Rfe8 14. e3 g5 15. f3 Be6 16. Na4 Qd8 17. fxe4 gxh4 18. gxh4 Ng4 19. h3 Bh2+ 20. Kf1 Qxh4 21. Re2 Qf6+ 22. Ke1 Bg3+ 23. Kd1 Nf2+ 24. Rxf2 Qxf2 25. e5 Qg1+ 26. Ke2 Qxg2+ 27. Kd3 Bxe5 28. Qg1 Nc5+ 0-1

[Event "SVK-ch op 16th corr"]
[Site "Slovakia"]
[Date "2005.??.??"]
[Round "?"]
[White "Vrska, Milan"]
[Black "Chripko, Lubomir"]
[Result "0-1"]
[WhiteElo "1720"]
[BlackElo "1700"]
[PlyCount "50"]
[EventDate "2005.08.01"]
[EventType "tourn (corr)"]
[EventRounds "6"]
[EventCountry "SVK"]
[SourceTitle "Corr 2008"]
[Source "ChessBase"]
[SourceDate "2008.06.24"]
[SourceVersion "1"]
[SourceVersionDate "2008.06.24"]
[SourceQuality "1"]

1. e4 e5 2. Bc4 Nf6 3. Nc3 Nc6 4. Nf3 Nxe4 5. Nxe4 d5 6. Bxd5 Qxd5 7. d3 Bg4 8. h3 Bh5 9. Be3 f5 10. Nc3 Bb4 11. Bd2 Bxc3 12. Bxc3 0-0-0 13. 0-0 Rhe8 14. Re1 h6 15. Re3 e4 16. Qe1 exf3 17. gxf3 f4 18. Rxe8 Rxe8 19. Qd2 Qg5+ 20. Kh2 Bxf3 21. Rg1 Qh4 22. d4 g5 23. d5 g4 24. Rxg4 Bxg4 25. Qd3 Qxf2+ 0-1

[Event "SVK-ch op 16th corr"]
[Site "Slovakia"]
[Date "2005.??.??"]
[Round "?"]
[White "Vrska, Milan"]
[Black "Plancar, Lubomir"]
[Result "0-1"]
[WhiteElo "1720"]
[BlackElo "1700"]
[PlyCount "66"]
[EventDate "2005.08.01"]
[EventType "tourn (corr)"]
[EventRounds "6"]
[EventCountry "SVK"]
[SourceTitle "Corr 2008"]
[Source "ChessBase"]
[SourceDate "2008.06.24"]
[SourceVersion "1"]
[SourceVersionDate "2008.06.24"]
[SourceQuality "1"]

1. e4 c5 2. Nf3 Nc6 3. d4 cxd4 4. Nxd4 Nf6 5. Nc3 d6 6. Bg5 e6 7. Qd2 a6 8. 0-0-0 Bd7 9. f4 b5 10. Re1 Be7 11. h3 b4 12. Nd1 Qa5 13. Bc4 Qc5 14. Nxc6 Bxc6 15. Bd3 h6 16. Bh4 Nxe4 17. Bxe4 Bxh4 18. Re3 d5 19. Bf3 Ba4 20. b3 Bb5 21. Bxd5 Rd8 22. c4 bxc3 23. Rxc3 Qxd5 24. Qxd5 exd5 25. Rc7 Bg3 26. Kc2 d4 27. Rc5 0-0 28. f5 Rc8 29. Rxc8 Rxc8+ 30. Kb2 Be2 31. h4 d3 32. Ne3 d2 33. Nd5 Be5+ 0-1

[Event "SVK-ch op 16th corr"]
[Site "Slovakia"]
[Date "2005.??.??"]
[Round "?"]
[White "Vrska, Milan"]
[Black "Unterlaender, Tomas"]
[Result "1-0"]
[WhiteElo "1720"]
[BlackElo "1500"]
[PlyCount "33"]
[EventDate "2005.08.01"]
[EventType "tourn (corr)"]
[EventRounds "6"]
[EventCountry "SVK"]
[SourceTitle "Corr 2008"]
[Source "ChessBase"]
[SourceDate "2008.06.24"]
[SourceVersion "1"]
[SourceVersionDate "2008.06.24"]
[SourceQuality "1"]

1. e4 e5 2. Qh5 Nc6 3. Bc4 g6 4. Qf3 Nf6 5. c3 d6 6. h3 Bg7 7. Qe2 d5 8. exd5 Nxd5 9. Bxd5 Qxd5 10. f3 Bf5 11. b3 0-0 12. Bb2 Rfe8 13. c4 Qd8 14. Nc3 Nb4 15. Rc1 Nd3+ 16. Kd1 Nxb2+ 17. Ke1 1-0